|
|
|
|
| LEADER |
00000cam a2200000 a 4500 |
| 001 |
vtls001114053 |
| 003 |
SK-MaSNL |
| 005 |
20260302073253.0 |
| 008 |
240226s1978 xo dl grnf 001 0 slo |
| 015 |
|
|
|a SNBA1978
|
| 020 |
|
|
|q (viazané)
|
| 035 |
|
|
|a SNK000056896
|
| 035 |
|
|
|a 9F582A65-86A6-4F08-AF38-4502C195B265
|
| 035 |
|
|
|a urn:nbn:sk:snk-am00ij4h
|
| 040 |
|
|
|a SNK
|b slo
|c SNK
|e AACR2
|
| 041 |
1 |
|
|a slo
|h fre
|
| 044 |
|
|
|a xo
|c SK
|
| 072 |
|
7 |
|a 51
|x Matematika
|2 konspekt
|
| 072 |
|
7 |
|a 519.1/.8
|x Kombinatorika. Teória grafov. Matematická štatistika. Operačný výskum. Matematické modelovanie
|2 konspekt
|
| 080 |
|
|
|a 51
|2 2011
|
| 080 |
|
|
|a 519.6
|2 2011
|
| 080 |
|
|
|a (048.8)
|2 2011
|
| 080 |
|
|
|a (035)
|2 2011
|
| 080 |
|
|
|a 51-7
|2 2011
|
| 100 |
1 |
|
|a Legras, Jean,
|d 1914-2012
|4 aut
|9 737480
|
| 240 |
1 |
0 |
|a Méthodes et techniques de l'analyse numérique
|l Slovensky
|
| 245 |
1 |
0 |
|a Metódy a použitie numerickej matematiky
|c Jean Legras ; [z francúzskeho originálu Méthodes et techniques de l'analyse numérique ... preložil Kamil Hrubina]
|
| 250 |
|
|
|a 1. vyd.
|
| 260 |
|
|
|a Bratislava
|b Alfa
|c 1978
|
| 300 |
|
|
|a 384 strán
|b grafy, ilustrácie, schémy, tabuľky
|c 24 cm
|
| 366 |
|
|
|e 3000 kusov
|
| 490 |
1 |
|
|a Edícia teoretickej literatúry
|
| 500 |
|
|
|a Poznámky pod čiarou
|
| 500 |
|
|
|a Obsahuje 3 časti
|
| 504 |
|
|
|a Bibliografia na strane 379. Register na strane [381]-383
|
| 521 |
|
|
|a Určené matematikom, inžinierom, pracovníkom výpočtových stredísk a fyzikom
|
| 650 |
0 |
7 |
|a matematika
|2 SNKPH
|9 70174
|
| 650 |
0 |
7 |
|a numerická matematika
|2 SNKPH
|9 1106
|
| 650 |
0 |
7 |
|a numerická analýza
|2 SNKPH
|9 3946
|
| 650 |
0 |
7 |
|a matematické metódy
|2 SNKPH
|9 50175
|
| 655 |
|
7 |
|a príručky
|2 SNKPH
|9 74364
|
| 655 |
|
7 |
|a prehľady
|2 SNKPH
|9 70194
|
| 700 |
1 |
|
|a Hrubina, Kamil,
|d 1936-
|4 trl
|
| 740 |
0 |
2 |
|a Aproximácia a aplikácie
|
| 740 |
0 |
2 |
|a Rovnice a sústavy rovníc
|
| 740 |
0 |
2 |
|a Systémy diferenciálnych rovníc a parciálne diferenciálne rovnice
|
| 830 |
|
0 |
|a Edícia teoretickej literatúry
|9 279316
|
| 852 |
|
|
|a Slovenská národná knižnica
|
| 954 |
|
|
|a odborná, vedecká literatúra pôvodná (slovenská)
|2 lita
|
| 958 |
|
|
|a RK
|
| 958 |
|
|
|a TL
|
| 958 |
|
|
|a NB
|
| 958 |
|
|
|a OND
|
| 958 |
|
|
|a OP
|
| 958 |
|
|
|a EUIPO
|
| 999 |
|
|
|c 1160171
|d 1162101
|
| 952 |
|
|
|a SNK
|b SNK
|y VYP
|7 0
|p 17A0500207
|o snkSC 45300 D1
|i snkKSP 7062/78
|0 0
|1 0
|4 0
|d 2006-03-15
|l 0
|r 2026-02-24 20:30:36
|w 2026-02-24
|
| 952 |
|
|
|a SNK
|b SNK
|y PREZ
|7 0
|p 17A0769777
|o snkSC 45300
|i snkKSP 7061/78
|0 0
|1 0
|4 0
|d 2012-07-31
|f 1
|l 0
|r 2025-10-27 00:00:00
|w 2026-02-24
|